Concepts of strategic management : planning and implementation /

Bibliographic Details
Main Author: Byars, Lloyd L.
Format: Book
Language:English
Published: New York, N.Y. : Harper & Row, [1984]
Subjects:

MARC

Tag First Indicator Second Indicator Subfields
LEADER 00000cam a22000008a 4500
001 in00000527021
005 20151013092602.0
008 840123s1984 nyu b 00110 eng
010 |a  84000588  
020 |a 0060410957 
035 |a (OCoLC)10432541 
035 |9 ACG0379AM 
039 0 |a 2  |b 3  |c 3  |d 3  |e 3 
040 |a DLC  |c DLC  |d TXA  |d UtOrBLW 
049 |a TXAM 
050 0 0 |a HD31  |b .B864 1984 
082 0 |a 658.4/012  |2 19 
100 1 |a Byars, Lloyd L. 
245 1 0 |a Concepts of strategic management :  |b planning and implementation /  |c Lloyd L. Byars. 
263 |a 8402 
264 1 |a New York, N.Y. :  |b Harper & Row,  |c [1984] 
264 4 |c ©1984 
300 |a xiv, 320 pages 
336 |a text  |b txt  |2 rdacontent 
337 |a unmediated  |b n  |2 rdamedia 
338 |a volume  |b nc  |2 rdacarrier 
504 |a Includes bibliographies and indexes. 
650 0 |a Management. 
999 |a MARS 
999 f f |s 2cd6777a-cba7-345c-9998-02b6789ceaf2  |i aa34a27d-0101-35bd-b42f-c77e20770134  |t 0 
952 f f |p ric  |a Texas A&M University  |b Rellis Campus  |c Joint Library Facility  |d Remote Storage  |t 0  |e HD31 .B864 1984  |h Library of Congress classification  |i unmediated -- volume  |m A14808085459 
998 f f |a HD31 .B864 1984  |t 0  |l Remote Storage